| 000 | 01564nam a2200229Ia 4500 | ||
|---|---|---|---|
| 003 | Ost | ||
| 005 | 20260507075255.0 | ||
| 008 | 260507s9999||||xx |||||||||||||| ||und|| | ||
| 020 | _a355160977 | ||
| 040 | _cfsecg | ||
| 041 | _aara | ||
| 082 | _a330 | ||
| 100 |
_aالشاعر، محمود دياب _eمؤلف |
||
| 245 | 0 |
_aأثر التغيير في قيمة النقودعلى الالتزامات في الفقه الاسلامي : _bدراسة مقارنة / _c محمود دياب الشاعر |
|
| 260 |
_aالاسكندرية: _bدار الفكر الجامعي, _c2004 |
||
| 300 |
_a441 صفحة؛ _c25 سم |
||
| 520 | _a1) تعريف النقود و الوضع الاقتصادي لها : تعريف النقود و التطور التاريخي لها و الوضع الاقتصادي للنقود و السياسة النقدية و أسباب التغيير في قيمة النقود ، الوضع الفقهي للفلوس و الاوراق النقدية 2)الالتزامات و مصادرها و أحكامها : حقيقة الالتزام و أركانه و مصادرهو أحكام الالتزام 3) أثر التغيير في قيمة النقود على الالتزامات : أثر التغيير في قيمة النقود الخلقية ، الذهب و الفضة و أثر التغيير في قيمة النقود الاصطلاحية على الالتزامات . | ||
| 653 | _aالإلتزمات | ||
| 653 | _aالقيمة ــ نقود | ||
| 653 | _aالنقود ــ الفقه الاسلامي | ||
| 942 | _cكتاب | ||
| 999 |
_c43728 _d43728 |
||